000 00847nam a2200253Ia 4500
003 OSt
005 20220923222635.0
006 a|||||r|||| 00| 0
007 ta
008 220922b |||||||| |||| 00| 0 hin d
024 _a206,707
037 _cTextual
040 _aARTS
_cARTS
_bhin
041 _2hin
_ahin
082 _aO152,6M98x, M7
100 _aचतुर्वेदी, श्रीनारायण
245 0 _aमानस केे सांचे में
246 _aMānas kee sāanche mean
260 _aदिल्ली
_b प्रभात प्रका0
_c1987
300 _a167पृ.
_ccm.
650 _aहिन्दी साहित्य
_9156264
942 _hO152,6M98x, M7
_cTEXL
_2CC
999 _c357349
_d357349